00761nam a2200217Ia 4500003000900000008004100009020001800050040001600068080001900084245007500103260003500178300001300213490008200226650003200308650003000340650002100370700002800391942000700419999001500426952010200441IN-BaIIA211028s9999 xx 000 0 eng d a0-12-368853-1 cIIA Library a063:53bENF-53 0aDevelopments and borderlines of nuclear physicscedited by H. Morinaga aNew YorkbAcademic Pressc1972 axi, 214p aProceedings of the International School of Physics Enrico Fermi Course; v. 53 a High Energy Physics98025 a Nuclear Physics 98026 aNASA Thesaurus  aMorinaga, H., ed.98027 cBK c4563d4563 00104070aBANbBANcGENd1974-10-09l0o063:53/ ENF-53p5091r2021-11-05w1974-10-09yBK 21.00